Męskie Imiona na literę W - Statystyki

Ogólne statystyki
  • Ten quiz został rozwiązany 391 razy
  • Średni wynik to 9 z 23
Statystyki odpowiedzi
Imiona % Poprawnych
Wikt
83%
Władysław
83%
Wiktor
82%
Wojciech
74%
Wit
73%
Włodzimierz
71%
Wacław
61%
Wiesław
61%
Witold
60%
Waldemar
59%
Wincent
32%
Walenty
29%
Walery
25%
Walerian
23%
Wawrzyniec
19%
Wilhelm
10%
Waleriusz
6%
Wiliam
5%
Werner
3%
Więcław
2%
Wenancjusz
1%
Witomir
1%
Walentynan
0%
Nie znaleziono quizów pasujących do podanych kryteriów
Rozkład punktacji
Procent ludzi z każdym wynikiem
Percentyl według liczby udzielonych odpowiedzi
Twoja historia wyników
Nie rozwiązałeś tego quizu